000 01043nam2a22002291 4500
001 rc\2556008
005 20250622231111.0
035 _a(NLR Aleph) 006465423
090 _a5879646
_c5879646
100 _a20110829d1979 |||y0rusy50 ca
101 0 _arus
102 _aRU
105 _ay z |||||
200 1 _aБуровые на воду скважины
_hКн. 2
_iРайон им. Лазо, Нанайский, Николаевский, Охотский, район им. Полины Осипенко, Советско-Гаванский, Тугуро-Чумиканский, Ульчский, Хабаровский районы
210 _d1979
_aБ. м.
215 _a307 с.
461 0 _1001rc\2556005
_12001#$a[Подземные воды СССР]$e[Обзор подземных вод]$vТ. 2
_95879618
_cБ. м.
_nБ. и.
_o[Обзор подземных вод]
_t[Подземные воды СССР]
_vТ. 2
801 0 _aRU
_bNLR
_gpsbo
801 1 _aRU
_bELAR
_2rusmarc
852 _aNLR
_j80-50К/4170
942 _cBOOK
980 _aNB